All Teams Niko Kranjčar Played For - Statistics

General Stats
  • This quiz has been taken 12 times
  • The average score is 7 of 9
Answer Stats
Seasons Team Type Club % Correct
2004–2013 National Team Croatia
100%
2001–2005 Club Dinamo Zagreb
100%
2013–2015 (loan) Club Queens Park Rangers
100%
2009–2012 Club Tottenham Hotspur
100%
2005–2006 Club Hajduk Split
86%
2006–2009 Club Portsmouth
86%
2016–2018 Club Rangers
86%
2012–2016 Club Dynamo Kyiv
57%
2016 Club New York Cosmos
14%
No matching quizzes found
Score Distribution
Percent of People with Each Score
Percentile by Number Answered
Your Score History
You have not taken this quiz